| 000 | 01070cam a2200241 4500 | ||
|---|---|---|---|
| 001 | WB3912-03 | ||
| 008 | 030326n2003 000 0 eng u | ||
| 035 | _a(Sirsi) u121746 | ||
| 245 | _aCable regs for housebuilders | ||
| 260 | _c2003 | ||
| 490 |
_aODPM News Release _v(2003/0042) 14 March 2003 (3) |
||
| 520 | _aAccording to government, Building Regulations requiring the installation of ducting for broadband could add £460 to the cost of a typical house. A consultation document for Part Q of the regulations is part of government's UK Online initiative to connect the UK to the internet by 2005. ODPM press release http://www.odpm.gov.uk/pns/DisplayPN.cgi?pn_id=2003_0042 Consultation paper http://www.safety.odpm.gov.uk/bregs/conindex.htm | ||
| 590 | _aWB | ||
| 650 | _aBROADBAND COMMUNICATIONS | ||
| 650 |
_aBUILDING REGULATIONS _96224 |
||
| 650 | _aCONSULTATION PAPERS | ||
| 650 | _aCONSTRUCTION METHODS | ||
| 650 | _aHOUSE BUILDERS | ||
| 650 | _aBUILDING INDUSTRY | ||
| 650 | _aINTERNET CONNECTION | ||
| 690 | _aBUILT ENVIRONMENT | ||
| 942 | _n0 | ||
| 999 |
_c72357 _d72357 |
||